Normal view
MARC view
Entry Personal Name
001 - CONTROL NUMBER
- control field: 12437
003 - CONTROL NUMBER IDENTIFIER
- control field: OSt
005 - DATE AND TIME OF LATEST TRANSACTION
- control field: 20180206152118.0
008 - FIXED-LENGTH DATA ELEMENTS
- fixed length control field: 180206|| aca||aabn | a|a d
040 ## - CATALOGING SOURCE
- Original cataloging agency: OSt
- Transcribing agency: OSt
100 ## - HEADING--PERSONAL NAME
- Personal name: J K, Grover
670 ## - SOURCE DATA FOUND
- Source citation: Work cat.: (OSt): J K, Grover, Experiments in pharmacy and pharmacology Volumes 1&2 combined /, 2008
